Interior Design and Space Planning (Record no. 8316)

MARC details
000 -LEADER
fixed length control field 00418nam a2200157Ia 4500
008 - FIXED-LENGTH DATA ELEMENTS--GENERAL INFORMATION
fixed length control field 230312s9999||||xx |||||||||||||| ||und||
020 ## - INTERNATIONAL STANDARD BOOK NUMBER
International Standard Book Number 1-25-900409-4
082 ## - DEWEY DECIMAL CLASSIFICATION NUMBER
Classification number 729
Item number DEC-I
100 ## - MAIN ENTRY--PERSONAL NAME
Personal name Dechiara;Joseph
245 #0 - TITLE STATEMENT
Title Interior Design and Space Planning
260 ## - PUBLICATION, DISTRIBUTION, ETC.
Name of publisher, distributor, etc. Tata McGraw Hill
Place of publication, distribution, etc. India
Date of publication, distribution, etc. 2011
300 ## - PHYSICAL DESCRIPTION
Extent 1689
546 ## - LANGUAGE NOTE
Language note Eng.
650 ## - SUBJECT ADDED ENTRY--TOPICAL TERM
Topical term or geographic name entry element Architecture
Form subdivision Interior Design and Space Planning
942 ## - ADDED ENTRY ELEMENTS (KOHA)
Koha item type BOOK
Holdings
Withdrawn status Lost status Source of classification or shelving scheme Damaged status Not for loan Home library Current library Date acquired Total Checkouts Full call number Barcode Date last seen Date last checked out Price effective from Koha item type
    Dewey Decimal Classification     Superior Information Resource Center (SIRC) Superior University- Main Campus Superior Information Resource Center (SIRC) Superior University- Main Campus 03/13/2023 3 729 DEC-I 8424 09/11/2025 09/10/2025 03/13/2023 BOOK

Powered by Koha